ARRUPE JESUIT UNIVERSITY

CORONAVIRUS -STOP THE SPREAD - CLEAN,DISINFECT,COVER

The Oxford handbook of jurisprudence and philosophy of law / (Record no. 128144)

MARC details
000 -LEADER
fixed length control field 01658cam a2200361 a 4500
001 - CONTROL NUMBER
control field 12818262
003 - CONTROL NUMBER IDENTIFIER
control field ARRUPE
005 - DATE AND TIME OF LATEST TRANSACTION
control field 20180912123523.0
008 - FIXED-LENGTH DATA ELEMENTS--GENERAL INFORMATION
fixed length control field 020614s2002 enk b 001 0 eng
010 ## - LIBRARY OF CONGRESS CONTROL NUMBER
LC control number 2002283629
015 ## - NATIONAL BIBLIOGRAPHY NUMBER
National bibliography number GBA0-Z3374
020 ## - INTERNATIONAL STANDARD BOOK NUMBER
International Standard Book Number 0198298242 (acidfree paper)
035 ## - SYSTEM CONTROL NUMBER
System control number (OCoLC)ocm43458150
040 ## - CATALOGING SOURCE
Original cataloging agency UKM
Transcribing agency UKM
Modifying agency DLC
042 ## - AUTHENTICATION CODE
Authentication code lccopycat
050 00 - LIBRARY OF CONGRESS CALL NUMBER
Classification number K230
Item number .O95 2002
082 00 - DEWEY DECIMAL CLASSIFICATION NUMBER
Classification number 340/.1
Edition number 21
300 ## - PHYSICAL DESCRIPTION
Dimensions 26 cm.
100 ## - MAIN ENTRY--PERSONAL NAME
Personal name Coleman, Jules (ed.)
9 (RLIN) 42124
245 04 - TITLE STATEMENT
Title The Oxford handbook of jurisprudence and philosophy of law /
Statement of responsibility, etc edited by Jules Coleman and Scott Shapiro ; associate editor, Kenneth Einar Himma.
246 30 - VARYING FORM OF TITLE
Title proper/short title Jurisprudence and philosophy of law
260 ## - PUBLICATION, DISTRIBUTION, ETC. (IMPRINT)
Place of publication, distribution, etc Oxford ;
-- New York :
Name of publisher, distributor, etc Oxford University Press,
Date of publication, distribution, etc 2002.
300 ## - PHYSICAL DESCRIPTION
Extent x, 1050 p. ;
504 ## - BIBLIOGRAPHY, ETC. NOTE
Bibliography, etc Includes bibliographical references and index.
650 #0 - SUBJECT ADDED ENTRY--TOPICAL TERM
Topical term or geographic name as entry element Law
General subdivision Philosophy.
9 (RLIN) 10576
650 #0 - SUBJECT ADDED ENTRY--TOPICAL TERM
Topical term or geographic name as entry element Jurisprudence.
9 (RLIN) 42125
650 #0 - SUBJECT ADDED ENTRY--TOPICAL TERM
Topical term or geographic name as entry element Natural law.
9 (RLIN) 3966
700 1# - ADDED ENTRY--PERSONAL NAME
Personal name Shapiro, Scott.
Relator term ed.
9 (RLIN) 42126
906 ## - LOCAL DATA ELEMENT F, LDF (RLIN)
a 7
b cbc
c copycat
d 2
e ncip
f 20
g y-gencatlg
942 ## - ADDED ENTRY ELEMENTS (KOHA)
Source of classification or shelving scheme Library of Congress Classification
Koha item type Monograph ( Printed materials)
Holdings
Withdrawn status Lost status Source of classification or shelving scheme Damaged status Not for loan Home library Current library Shelving location Date acquired Total Checkouts Full call number Barcode Date last seen Date checked out Price effective from Koha item type
    Library of Congress Classification     ARRUPE LIBRARY ARRUPE LIBRARY Main Collection 12/09/2018 5 K230 .O95 2002 46600002035 27/09/2024 02/09/2024 12/09/2018 Monograph ( Printed materials)

 

Arrupe Library. PO Box MP320 Mt Pleasant, Harare, Zimbabwe
263 242 745411|librarian@aju.ac.zw